Statistics for Biggest Island Countries by Continent

Click here to take the quiz!

General Stats

  • This quiz has been taken 604 times
    (357 since last reset)
  • The average score is 5 of 5

Answer Stats

ContinentIsland Country% Correct
AfricaMadagascar
98%
OceaniaAustralia
98%
North AmericaCuba
95%
AsiaIndonesia
94%
EuropeUnited Kingdom
94%

Score Distribution

Percentile by Number Answered

Percent of People with Each Score

Your Score History

You have not taken this quiz since the last reset